| 000 | 01116cam a2200313 i 4500 | ||
|---|---|---|---|
| 999 |
_c200447081 _d65293 |
||
| 003 | TR-AnTOB | ||
| 005 | 20220415140746.0 | ||
| 007 | ta | ||
| 008 | 040108s2002 tu 00110 tur | ||
| 040 |
_aTR-AnTOB _beng _erda _cTR-AnTOB _dTR-AnTOB |
||
| 041 | _atur | ||
| 050 |
_aHG1811 _b.A23 2002 |
||
| 090 |
_aHG1811 _b.A23 2002 |
||
| 100 | 1 |
_aAbaan, Ernur Demir _941579 |
|
| 245 | 1 | 0 |
_aMerkez bankaları ve türev piyasa riskleri / _cErnur Demir Abaan. |
| 264 |
_aAnkara : _bTCMB, _c2002. |
||
| 300 |
_a142 pages: _c24 cm |
||
| 336 |
_2rdacontent _atext _btxt |
||
| 337 |
_2rdamedia _aunmediated _bn |
||
| 338 |
_2rdacarrier _avolume _bnc |
||
| 650 | 7 |
_aBankalar ve bankacılık, Merkez _2etuturkob _933072 |
|
| 700 | 1 |
_941579 _aAbaan, Ernur Demir |
|
| 907 |
_a.b11008799 _b05-01-07 _c05-01-07 |
||
| 942 |
_2lcc _cBK |
||
| 945 |
_g1 _i255070201000007028990 _i0652161 _j0 _lblgen _o- _pYTL1,00 _q- _r- _s- _t0 _u2 _v0 _w2 _x0 _y.i11322524 _z05-01-07 |
||
| 947 |
_a53983943 _b366345 _c6 _d39 _eHacettepe Universitesi Kutuphaneleri _fHacettepe - Beytepe _g2017-04-10 15:30:48 |
||